000 00347nam a2200133Ia 4500
008 220204s9999 xx 000 0 und d
082 _a616.72-002
_bJAY
100 _aDixon, Allan J
245 0 _aUnderstanding arthritis and rheumatism
260 _aNew York
_bRandom
_c1974
650 _aArthritis
700 _aJayson, Malcolm I V
942 _cBK
999 _c34228
_d34228